| 000 | 01049nam a2200277Ia 4500 | ||
|---|---|---|---|
| 005 | 20260324130655.0 | ||
| 008 | 008 260324s9999 xx 000 0 eng d | ||
| 020 | _a9781315221854 | ||
| 037 | _aEBOOK | ||
| 040 | _aCRL | ||
| 040 | _beng | ||
| 040 | _cCRL | ||
| 041 | _2eng | ||
| 041 | _aeng | ||
| 084 | _qCRL | ||
| 100 |
_aJohn Wendler, P; Lawrence P. Dunleavy; Karl R. Varian; Tom McKay; Jack East; Jan Stake; Patrick Fay; Umesh K. Mishra; Michael S. Shur; John C. Cowles; James West; Mike Carroll; Prashant Chavarka; Julio Costa; David Anderson; H. Mike Harris; William Liu; Imran Mehdi; Ali Rezvani; Alfy Riddle; Jerry Whitaker; Mike Golio; Janet Golio; Robert Trew; Michael Steer; James C. Wiltse; Donald C. Malocha; Karl F. Etzold _91182664 |
||
| 245 | 0 | _aRF and Microwave Passive and Active Technologies | |
| 260 | _bTaylor and Francis | ||
| 260 | _c2007 | ||
| 365 | _a | ||
| 365 | _b340 | ||
| 856 | _uhttp://www.taylorfrancis.com/books/9781315221854 | ||
| 942 | _cEBOOK | ||
| 999 |
_c1779040 _d1779040 |
||